Statistics for Decentralized Administrations of Greece on a Map

Click here to take the quiz!

General Stats

  • This quiz has been taken 278 times
  • The average score is 7 of 8

Answers on the Map

Answers color-coded by a green-red scale on the quiz's map according to % correct below.
 

Answer Stats

Decentralized Administrations% Correct
Attica
96%
Crete
93%
Macedonia and Thrace
92%
Peloponnese, Western Greece and the Ionian
86%
Aegean
82%
Thessaly and Central Greece
82%
Epirus and Western Macedonia
79%
Mount Athos
71%

Score Distribution

Percentile by Number Answered

Percent of People with Each Score

Your Score History

You have not taken this quiz